Central Library OPAC University of Rajshahi

Napoleon's letters / (Record no. 28733)

MARC details
000 -LEADER
fixed length control field 00924cam a2200289 a 4500
001 - CONTROL NUMBER
control field 28733
003 - CONTROL NUMBER IDENTIFIER
rucl marc code BD-RJUL
005 - DATE AND TIME OF LATEST TRANSACTION
control field 20211209051325.0
008 - FIXED-LENGTH DATA ELEMENTS--GENERAL INFORMATION
fixed length control field 140331s1954 enk 001 0 eng d
020 ## - INTERNATIONAL STANDARD BOOK NUMBER
International Standard Book Number 0460009958
035 ## - SYSTEM CONTROL NUMBER
System control number (BD-RJUL)28815
040 ## - CATALOGING SOURCE
Original cataloging agency BD-RjUL
Language of cataloging eng
Transcribing agency BD-RjUL
041 ## - LANGUAGE CODE
Language code of text/sound track or separate title eng
082 ## - DEWEY DECIMAL CLASSIFICATION NUMBER
Classification number 944.05
Author mark and year NAN 1954
100 0# - MAIN ENTRY--PERSONAL NAME
Personal name Napoleon
Numeration I,
Dates associated with a name 1769-1821.
9 (RLIN) 87912
245 10 - TITLE STATEMENT
Title Napoleon's letters /
Statement of responsibility, etc. selected, translated, and edited by J.M. Thompson.
260 ## - PUBLICATION, DISTRIBUTION, ETC. (IMPRINT)
Place of publication, distribution, etc. London :
Name of publisher, distributor, etc. Dent ;
Place of publication, distribution, etc. New York :
Name of publisher, distributor, etc. Dutton,
Date of publication, distribution, etc. 1954.
300 ## - PHYSICAL DESCRIPTION
Pagination 312 p. ;
Size 19 cm.
490 1# - SERIES STATEMENT
Series statement Everyman's library ;
Volume/sequential designation no. 995
504 ## - BIBLIOGRAPHY, ETC. NOTE
Bibliography, etc Includes index
600 00 - SUBJECT ADDED ENTRY--PERSONAL NAME
Personal name Napoleon
Titles and other words associated with a name Emperor of the French,
Dates associated with a name 1769-1821
700 1# - ADDED ENTRY--PERSONAL NAME
Personal name Thompson, J. M.
Fuller form of name (James Matthew),
Dates associated with a name 1878-1956.
830 #0 - SERIES ADDED ENTRY--UNIFORM TITLE
Volume number/sequential designation no. 995.
830 #0 - SERIES ADDED ENTRY--UNIFORM TITLE
Uniform title Everyman's library ;
942 ## - ADDED ENTRY ELEMENTS (KOHA)
Source of classification or shelving scheme Dewey Decimal Classification
Koha item type Books
Holdings
Lost status Source of classification or shelving scheme Damaged status Not for loan Collection code Permanent Location Current Location Shelving location Date acquired Source of acquisition Cost, normal purchase price Total Checkouts Full call number Date last seen Copy number Koha item type
  Dewey Decimal Classification   Added to bundle Non-fiction Central Library, University of Rajshahi Central Library, University of Rajshahi Reading Room 19/09/1955 B.H.Blackkwell 0.60   944.05 NAN 1954 31/03/2014 C-1 Books